00912nam a2200253 i 4500001000300000100002800003245010700031260005600138300002600194490003200220504002900252650003900281650003200320650003200352651003300384655001700417830002800434020001500462040000800477041000700485080002700492008004100519856009800560bg1 aKERSKI, Basild(1969- )10aOtwarta brama :bNiemcy między zjednoczeniem a końcen stulecia : szkice i rozmowy /cBasil Kerski. aOlsztyn :bWspólnota Kulturowa "Borussia",c1999. a223, [1] s. ;c21 cm.1 aBiblioteka "Borussii" ;v14 aNota bibliogr. s. [224]. 9aPublicystyka niemieckayod 1989 r. 9aNiemcy a Polskayod 1990 r. 9aPolska a Niemcyyod 1989 r. 9aNiemcyxzjednoczenie 1990 r. aPublicystyka aBiblioteka "Borussii" ; a8390972425 cBPK0 apl a327(438:430)"1989/..." s pl f |000 0 pol  uhttp://koha.tu.koszalin.pl/cgi-bin/koha/opac-detail.pl?biblionumber=37225yKatalog online BPK